| 000 | 00667nam a2200193 i 4500 | ||
|---|---|---|---|
| 001 | 39043 | ||
| 003 | ES-MaACL | ||
| 005 | 20231213062936.0 | ||
| 007 | t| | ||
| 008 | 030227s1973 sp ||||1| spa d | ||
| 100 | 1 |
_aCampoy, A. M., _d1924-1993 _934292 |
|
| 245 | 1 | 0 |
_aDiccionario crítico del arte español contemporáneo / _cpor Antonio Manuel Campoy. |
| 260 |
_aMadrid : _bIbérico Europea de Ediciones, _c[1973] |
||
| 300 |
_a490 p., 30 lám. : _bil. ; _c31 cm. |
||
| 650 | 4 |
_aArte español- _yS.XIX- _xDiccionarios. _9158519 |
|
| 650 | 4 |
_aArte español- _yS.XX- _vDiccionarios. _910203 |
|
| 852 |
_aES-MaACL _jC-55021 _bR.87772 |
||
| 999 |
_c39043 _d39043 |
||